Drak spí /
V detektivce oceňované české autorky se v malé vesničce probouzí starý nevyřešený případ a plodí nové zločiny.
Uloženo v:
| Série: | Josef Bergman,
část 7 |
|---|---|
| Hlavní autor: | |
| Médium: | E-kniha |
| Jazyk: | Czech |
| Vydáno: |
Praha :
Motto,
2020
|
| Vydání: | Vydání první |
| Témata: | |
| Příbuzné jednotky: | Z cyklu::
Josef Bergman |
| Tagy: |
Žádné tagy |
| LEADER | 02618cam a2200457 i 4500 | ||
|---|---|---|---|
| 001 | 311217 | ||
| 003 | CZ PrSKC | ||
| 005 | 20260601215701.0 | ||
| 007 | ta | ||
| 008 | 200813s2020 xr g 000 f cze d | ||
| 015 | |a cnb003242268 | ||
| 020 | |a 9788026720881 |q (soubor 2021) : |c Kč 999,00 | ||
| 020 | |a 978-80-267-2302-8 |q (soubor 2022) : |c Kč 1290,00 | ||
| 020 | |a 978-80-267-1841-3 |q (vázáno) : |c Kč 399,00 | ||
| 035 | |a (OCoLC)1204253942 | ||
| 040 | |a OSA001 |b cze |d ABG001 |d OLA001 |d ABA001 |e rda | ||
| 072 | 7 | |a 821.162.3-3 |x Česká próza |2 Konspekt | |
| 080 | |a 821.162.3-31 |2 MRF | ||
| 080 | |a (0:82-312.4) |2 MRF | ||
| 100 | 1 | |a Klevisová, Michaela, |d 1976- |7 xx0065727 |4 aut | |
| 245 | 1 | 0 | |a Drak spí / |c Michaela Klevisová |
| 250 | |a Vydání první | ||
| 264 | 1 | |a Praha : |b Motto, |c 2020 | |
| 300 | |a 342 stran ; |c 21 cm | ||
| 336 | |a text |b txt |2 rdacontent | ||
| 337 | |a bez média |b n |2 rdamedia | ||
| 338 | |a svazek |b nc |2 rdacarrier | ||
| 500 | |a Dotisk v roce 2022 | ||
| 500 | |a Část nákladu distribuována v roce 2021 a 2022 ve třísvazkovém souboru (Zmizela v mlze, Sněžný měsíc, Drak spí) ve společném kartonovém pouzdru; ISBN souboru pouze na krabici | ||
| 520 | 2 | |a V detektivce oceňované české autorky se v malé vesničce probouzí starý nevyřešený případ a plodí nové zločiny. |b V zapadlé jihočeské vesničce se před čtrnácti lety odehrálo něco, o čem Eliščina matka už nikdy nechtěla mluvit. Dospělá Eliška se teď vrací, aby dávné události pochopila. Po jejím příjezdu však zmizí mladá žena a další je zavražděna. Spojitost zločinu se starým nevyřešeným případem nakonec přivede na scénu Josefa Bergmana. A kriminalista během pátrání po vrahovi zjišťuje, že místní před ním tají temnou minulost i vlastní skříně plné kostlivců. Nakladatelská anotace. | |
| 655 | 7 | |a české romány |7 fd133974 |2 czenas | |
| 655 | 7 | |a detektivní romány |7 fd132010 |2 czenas | |
| 655 | 9 | |a Czech fiction |2 eczenas | |
| 655 | 9 | |a detective novels |2 eczenas | |
| 787 | 0 | 8 | |i Z cyklu: |t Josef Bergman |g 7 |
| 900 | |a ABA001 |b 21 | ||
| 928 | 9 | |a Albatros Media | |
| 044 | |a xr | ||
| 910 | |a RBIT002 | ||
| 998 | |d 207755 |a https://core.palmknihy.cz/api/books/207755/cover?si8exm |b https://core.palmknihy.cz/api/books/207755/cover/400?si8exm |c https://core.palmknihy.cz/api/books/207755/cover/50?si8exm |e 2029-12-31 |g 344 |i 9788026718413 |j https://core.palmknihy.cz/api/books/207755/preview.epub |k https://core.palmknihy.cz/api/books/207755/preview.pdf |l |q 49 |r 1 |s https://www.palmknihy.cz/kniha/207755 |t ebook |y 2020 |z 0 |v Josef Bergman |w 7 | ||
| 999 | |d 311215 | ||